|
|
|
|
| LEADER |
00943nam a2200241 a 4500 |
| 001 |
3978129 |
| 008 |
090517s1996 njua b 001 0 eng d |
| 010 |
|
|
|a 95011120
|
| 020 |
|
|
|a 013322760X
|
| 040 |
|
|
|a DLC
|c DLC
|d DLC
|
| 082 |
0 |
0 |
|a 621.3815/324
|2 20
|
| 100 |
1 |
|
|a Haykin, Simon S.,
|d 1931-
|
| 245 |
1 |
0 |
|a Adaptive filter theory /
|c Simon Haykin.
|
| 250 |
|
|
|a 3rd ed.
|
| 260 |
|
|
|a Upper Saddle River, N.J. :
|b Prentice Hall,
|c c1996.
|
| 300 |
|
|
|a xvii, 989 p. :
|b ill. ;
|c 24 cm.
|
| 490 |
1 |
|
|a Prentice Hall information and system sciences series
|
| 504 |
|
|
|a Includes bibliographical references (p. 941-977) and index.
|
| 541 |
1 |
|
|e 00009907
|
| 650 |
|
0 |
|a Adaptive filters.
|
| 852 |
4 |
|
|a <add your library>
|j <shelf mark>
|
| 999 |
|
|
|c 736
|d 736
|
| 952 |
|
|
|0 0
|1 0
|2 ddc
|4 0
|6 621_381532400000000_HAY_1996
|7 0
|9 679
|a BRACUL
|b BRACUL
|c GEN
|d 2009-05-17
|g 0.00
|l 0
|o 621.3815324 HAY
|p 3010009907
|r 2009-05-17
|t 1
|w 2009-05-17
|y BK
|x No price found in the accession register.
|